Statistics for English Football Club Rivals

Click here to take the quiz!

General Stats

  • This quiz has been taken 73 times
  • The average score is 29 of 85

Answer Stats

ClubMain rival% of votes% Correct
ArsenalTottenham Hotspur87%
96%
EvertonLiverpool86%
82%
Aston VillaBirmingham City76%
80%
Manchester UnitedLiverpool88%
78%
LiverpoolManchester United84%
78%
Birmingham CityAston Villa89%
75%
Cardiff CitySwansea City76%
73%
Bristol CityBristol Rovers83%
69%
Bristol RoversBristol City77%
67%
Brighton & Hove AlbionCrystal Palace85%
65%
Leeds UnitedManchester United81%
65%
BournemouthSouthampton79%
63%
Newcastle UnitedSunderland72%
63%
Crystal PalaceBrighton & Hove Albion77%
59%
Sheffield UnitedSheffield Wednesday83%
57%
PortsmouthSouthampton91%
57%
Tottenham HotspurArsenal87%
55%
Blackburn RoversBurnley82%
55%
Manchester CityLiverpool79%
55%
Ipswich TownNorwich City81%
55%
Sheffield WednesdaySheffield United85%
55%
BurnleyBlackburn Rovers84%
53%
AFC WimbledonMilton Keynes Dons82%
53%
SouthamptonPortsmouth91%
51%
SunderlandNewcastle United89%
49%
Derby CountyNottingham Forest88%
49%
MillwallWest Ham United80%
49%
Nottingham ForestDerby County77%
45%
Norwich CityIpswich Town70%
45%
Bradford CityLeeds United83%
43%
Exeter CityPlymouth Argyle93%
43%
Port ValeStoke City92%
37%
Newport CountyCardiff City77%
35%
Plymouth ArgyleExeter City83%
35%
Hull CityLeeds United72%
35%
BlackpoolPreston North End90%
35%
MiddlesbroughSunderland77%
35%
Huddersfield TownLeeds United78%
33%
Leicester CityNottingham Forest72%
33%
Wolverhampton WanderersWest Bromwich Albion72%
33%
Milton Keynes DonsAFC Wimbledon72%
31%
Fleetwood TownBlackpool73%
31%
Charlton AthleticMillwall82%
31%
West Bromwich AlbionWolverhampton Wanderers81%
31%
Cambridge UnitedPeterborough United87%
27%
Stoke CityPort Vale52%
27%
West Ham UnitedTottenham Hotspur82%
27%
Forest Green RoversCheltenham Town89%
25%
BarnsleySheffield Wednesday77%
25%
Preston North EndBlackpool79%
24%
Bolton WanderersManchester United74%
24%
Doncaster RoversRotherham United71%
24%
Colchester UnitedSouthend United86%
24%
Cheltenham TownForest Green Rovers82%
22%
Grimsby TownHull City86%
22%
Leyton OrientWest Ham United80%
22%
Oxford UnitedSwindon Town74%
20%
Coventry CityAston Villa75%
18%
BuryBolton Wanderers73%
18%
Lincoln CityGrimsby Town65%
18%
Scunthorpe UnitedGrimsby Town85%
18%
GillinghamMillwall69%
18%
Accrington StanleyMorecambe66%
18%
Wigan AthleticBolton Wanderers74%
16%
RochdaleBury74%
16%
Crewe AlexandraPort Vale88%
16%
Southend UnitedColchester United83%
14%
Macclesfield TownCrewe Alexandra77%
14%
Rotherham UnitedDoncaster Rovers76%
14%
Peterborough UnitedNorthampton Town76%
14%
MorecambeAccrington Stanley89%
12%
Oldham AthleticManchester United71%
12%
Swindon TownOxford United75%
12%
Northampton TownPeterborough United79%
12%
ReadingSwindon Town74%
12%
Burton AlbionPort Vale64%
10%
Salford CityOldham Athletic44%
8%
Crawley TownAFC Wimbledon71%
6%
Shrewsbury TownWalsall75%
6%
Tranmere RoversBolton Wanderers63%
4%
Wycombe WanderersColchester United76%
4%
Mansfield TownLincoln City52%
4%
Carlisle UnitedMiddlesbrough69%
4%
StevenageMilton Keynes Dons89%
4%
WalsallWest Bromwich Albion72%
2%

Score Distribution

Percentile by Number Answered

Percent of People with Each Score

Your Score History

You have not taken this quiz